[Event "Varna op-A 8th"]
[Site "Varna"]
[Date "2014.06.21"]
[Round "3"]
[White "Bernadskiy, Vitaliy"]
[Black "Barbosa, Evandro Amorim"]
[Result "1-0"]
[WhiteElo "2541"]
[BlackElo "2471"]
[PlyCount "101"]
[EventDate "2014.06.19"]
[EventType "swiss"]
[EventRounds "9"]
[EventCountry "BUL"]
[SourceTitle "CBM 161 Extra"]
[Source "ChessBase"]
[SourceDate "2014.08.29"]
[SourceVersion "1"]
[SourceVersionDate "2014.08.29"]
[SourceQuality "1"]

1. e4 c5 2. Nf3 e6 3. d4 cxd4 4. Nxd4 Nc6 5. Nc3 Qc7 6. Be3 a6 7. Qd2 Nf6 8. f4
Bb4 9. Bd3 Na5 10. a3 Bxc3 11. Qxc3 Qxc3+ 12. bxc3 d5 13. e5 Ne4 14. Nb3 Nc4
15. Bxc4 dxc4 16. Na5 Bd7 17. Bd4 Rc8 18. Nxb7 Bc6 19. Na5 Bd5 20. Rb1 Kd7 21.
Ke2 f5 22. exf6 gxf6 23. Rhd1 Rhg8 24. g3 f5 25. Ke3 h5 26. Rb6 h4 27. gxh4 Rg2
28. Be5 Nf2 29. Rb7+ Ke8 30. Rxd5 exd5 31. Kf3 Rxh2 32. Bd6 Rd8 33. Re7+ Kf8
34. Bc5 Ng4 35. Nc6 Re8 36. Re5+ Kf7 37. Rxf5+ Kg6 38. Rg5+ Kh7 39. Bd4 Ne3 40.
Rg7+ Kh6 41. Ne7 Rh3+ 42. Kf2 Rxe7 43. Rxe7 Nxc2 44. Be5 d4 45. f5 d3 46. Bf4+
Kh5 47. Rg7 Nd4 48. cxd4 c3 49. Kg2 Rxh4 50. Kg3 Rg4+ 51. Rxg4 1-0

[Event "Varna op-A 8th"]
[Site "Varna"]
[Date "2014.06.22"]
[Round "4"]
[White "Barbosa, Evandro Amorim"]
[Black "Tonkov, Bojan"]
[Result "0-1"]
[WhiteElo "2471"]
[BlackElo "2289"]
[PlyCount "158"]
[EventDate "2014.06.19"]
[EventType "swiss"]
[EventRounds "9"]
[EventCountry "BUL"]
[SourceTitle "CBM 161 Extra"]
[Source "ChessBase"]
[SourceDate "2014.08.29"]
[SourceVersion "1"]
[SourceVersionDate "2014.08.29"]
[SourceQuality "1"]

1. d4 Nf6 2. c4 g6 3. Nc3 Bg7 4. e4 d6 5. Nf3 O-O 6. Be2 e5 7. d5 Nh5 8. O-O
Nf4 9. Bxf4 exf4 10. Rc1 Nd7 11. b4 a5 12. a3 axb4 13. axb4 b6 14. Nb5 Ne5 15.
Nbd4 Bd7 16. c5 bxc5 17. bxc5 Re8 18. cxd6 cxd6 19. Nc6 Bxc6 20. dxc6 Nxf3+ 21.
Bxf3 Qc7 22. Qc2 Be5 23. Rb1 Ra6 24. Rfc1 Rc8 25. Bg4 Rxc6 26. Qxc6 Qxc6 27.
Bxc8 Qxe4 28. Bb7 Qa4 29. Bd5 Qa5 30. Rd1 Qa4 31. Bb3 Qd7 32. Bd5 Qa4 33. g3
Kg7 34. Rd2 f5 35. Kg2 g5 36. Rb7+ Kg6 37. Rb3 h5 38. Rbd3 fxg3 39. hxg3 h4 40.
f4 gxf4 41. gxh4 f3+ 42. Rxf3 Qxh4 43. Kf1 Qh1+ 44. Ke2 Qb1 45. Rd1 Qb5+ 46.
Rdd3 Kg5 47. Bb3 f4 48. Bd5 Bd4 49. Bb3 Be3 50. Rfxe3 fxe3 51. Kxe3 Qe5+ 52.
Kd2 Kf4 53. Kc2 Qc5+ 54. Kb2 Ke5 55. Rd2 Qb5 56. Kc2 Ke4 57. Kb2 Qc5 58. Rd1
Qb5 59. Rd2 Qb4 60. Kc2 Ke5 61. Rd5+ Kf6 62. Rd2 Ke7 63. Rd3 Kd7 64. Rc3 Qa5
65. Rd3 Qf5 66. Kc3 Qe5+ 67. Kc2 Kc6 68. Rd5 Qe4+ 69. Kc3 Qe3+ 70. Rd3 Qc1+ 71.
Kd4 Qc5+ 72. Ke4 Qe5+ 73. Kf3 Kc5 74. Kf2 Qe4 75. Rd2 Qf4+ 76. Ke2 Qg4+ 77. Kf2
Qh4+ 78. Ke2 Qh5+ 79. Kf2 Qh2+ 0-1

[Event "Varna op-A 8th"]
[Site "Varna"]
[Date "2014.06.23"]
[Round "5"]
[White "Janev, Evgeni"]
[Black "Barbosa, Evandro Amorim"]
[Result "1-0"]
[WhiteElo "2439"]
[BlackElo "2471"]
[PlyCount "69"]
[EventDate "2014.06.19"]
[EventType "swiss"]
[EventRounds "9"]
[EventCountry "BUL"]
[SourceTitle "CBM 161 Extra"]
[Source "ChessBase"]
[SourceDate "2014.08.29"]
[SourceVersion "1"]
[SourceVersionDate "2014.08.29"]
[SourceQuality "1"]

1. e4 c5 2. Nf3 g6 3. c3 Bg7 4. d4 cxd4 5. cxd4 d5 6. exd5 Nf6 7. Nc3 O-O 8.
Bc4 Nbd7 9. Qb3 Nb6 10. O-O Bf5 11. Re1 Rc8 12. Bf1 Nfxd5 13. Nxd5 Nxd5 14. Bg5
Be6 15. Qxb7 a5 16. b3 Qd6 17. Qa6 Nb4 18. Qxd6 exd6 19. Rad1 Nc2 20. Re2 Bd5
21. Red2 Rfe8 22. Ba6 Bxf3 23. gxf3 Rc3 24. Bb7 f5 25. Bf4 Bf8 26. Rd3 Rxd3 27.
Rxd3 Re1+ 28. Kg2 Ra1 29. Bd5+ Kg7 30. Rc3 Ne1+ 31. Kg3 Kf6 32. h4 h6 33. Rc8
Bg7 34. Bxd6 Nd3 35. Rc6 1-0

[Event "Varna op-A 8th"]
[Site "Varna"]
[Date "2014.06.24"]
[Round "6"]
[White "Barbosa, Evandro Amorim"]
[Black "Gurvich, Vitaly"]
[Result "1-0"]
[WhiteElo "2471"]
[BlackElo "2129"]
[PlyCount "77"]
[EventDate "2014.06.19"]
[EventType "swiss"]
[EventRounds "9"]
[EventCountry "BUL"]
[SourceTitle "CBM 161 Extra"]
[Source "ChessBase"]
[SourceDate "2014.08.29"]
[SourceVersion "1"]
[SourceVersionDate "2014.08.29"]
[SourceQuality "1"]

1. e4 c5 2. Nf3 d6 3. Bb5+ Bd7 4. Bxd7+ Qxd7 5. O-O Nc6 6. Qe2 g6 7. c3 Bg7 8.
Rd1 e5 9. Na3 Nge7 10. Nc2 O-O 11. d4 cxd4 12. cxd4 exd4 13. Ncxd4 Nxd4 14.
Nxd4 d5 15. Bf4 dxe4 16. Nb5 Qf5 17. Bd6 Bf6 18. Rac1 Rac8 19. Bc7 Be5 20. Bxe5
Qxe5 21. Nc3 f5 22. Rd7 Rc7 23. Rcd1 Rfc8 24. Qe3 b6 25. Qh6 Re8 26. h4 a6 27.
h5 Rxd7 28. Rxd7 Qe6 29. Nd5 b5 30. hxg6 hxg6 31. Qh4 Kf7 32. Qh7+ Kf8 33. Nf4
Qf6 34. g3 g5 35. Nh5 Qxb2 36. Rd6 Rc8 37. Rf6+ Ke8 38. Qf7+ Kd7 39. Qe6+ 1-0

[Event "Varna op-A 8th"]
[Site "Varna"]
[Date "2014.06.25"]
[Round "7"]
[White "Surendran, N."]
[Black "Barbosa, Evandro Amorim"]
[Result "0-1"]
[WhiteElo "2268"]
[BlackElo "2471"]
[PlyCount "96"]
[EventDate "2014.06.19"]
[EventType "swiss"]
[EventRounds "9"]
[EventCountry "BUL"]
[SourceTitle "CBM 161 Extra"]
[Source "ChessBase"]
[SourceDate "2014.08.29"]
[SourceVersion "1"]
[SourceVersionDate "2014.08.29"]
[SourceQuality "1"]

1. d4 Nf6 2. Nf3 e6 3. c4 b6 4. a3 Ba6 5. Qc2 c5 6. Bf4 cxd4 7. Nxd4 Bc5 8. e3
O-O 9. Be2 Bxd4 10. exd4 d5 11. Be5 Nc6 12. cxd5 Bxe2 13. dxc6 Bb5 14. a4 Bxc6
15. Nc3 Nd5 16. O-O Rc8 17. Qd2 f6 18. Bg3 Nxc3 19. bxc3 Bd5 20. Rfe1 Qd7 21.
f3 Rc4 22. a5 b5 23. Ra3 Rfc8 24. Rb1 a6 25. Rb4 R4c6 26. h3 Qe8 27. Qe3 Qg6
28. Be1 h6 29. Kh2 Qc2 30. Qd2 Qf5 31. Qe3 Kf7 32. Kg1 g5 33. Kf2 h5 34. Kg1
Rg8 35. Rb2 Rc4 36. Rf2 Qb1 37. Raa2 Ra4 38. Rae2 Ra1 39. f4 Qf5 40. fxg5 Qxg5
41. Qd3 Bxg2 42. Qh7+ Rg7 43. Qxg7+ Qxg7 44. Rxg2 Qh6 45. Kh2 Qf4+ 46. Bg3 Qf1
47. Bh4 Rc1 48. Re3 Qf4+ 0-1

[Event "Varna op-A 8th"]
[Site "Varna"]
[Date "2014.06.26"]
[Round "8"]
[White "Barbosa, Evandro Amorim"]
[Black "Nikolov, Sasho"]
[Result "0-1"]
[WhiteElo "2471"]
[BlackElo "2358"]
[PlyCount "99"]
[EventDate "2014.06.19"]
[EventType "swiss"]
[EventRounds "9"]
[EventCountry "BUL"]
[SourceTitle "CBM 161 Extra"]
[Source "ChessBase"]
[SourceDate "2014.08.29"]
[SourceVersion "1"]
[SourceVersionDate "2014.08.29"]
[SourceQuality "1"]

1. e4 c6 2. d4 d5 3. e5 Bf5 4. Be3 e6 5. Nd2 Nd7 6. Ngf3 Bg6 7. Be2 Ne7 8. Nh4
Nf5 9. Nxf5 Bxf5 10. O-O Be7 11. f4 Bg6 12. g4 f6 13. c4 O-O 14. Rc1 fxe5 15.
dxe5 Nb6 16. Nb3 dxc4 17. Bxc4 Nxc4 18. Rxc4 Qd3 19. Rc3 Qxd1 20. Rxd1 Rfd8 21.
Rcc1 Be4 22. Bc5 Kf7 23. Bxe7 Kxe7 24. Nc5 Bf3 25. Rxd8 Rxd8 26. Nxb7 Rd2 27.
Rc3 Rg2+ 28. Kf1 Bd5 29. Nd6 Rxb2 30. a3 Rxh2 31. Rc5 Rh4 32. Ra5 Rxg4 33.
Rxa7+ Kd8 34. a4 h5 35. a5 h4 36. Ke2 h3 37. Ra8+ Kc7 38. Rc8+ Kd7 39. Rh8 Rg2+
40. Ke3 h2 41. Ne4 Ra2 42. Nc5+ Ke7 43. Ne4 Ra3+ 44. Kd4 Ra4+ 45. Kc5 Bxe4 46.
f5 Rxa5+ 47. Kb6 Rb5+ 48. Kc7 h1=Q 49. Rxh1 Bxh1 50. f6+ 0-1

[Event "Varna op-A 8th"]
[Site "Varna"]
[Date "2014.06.27"]
[Round "9"]
[White "Zymberi, Astrit"]
[Black "Barbosa, Evandro Amorim"]
[Result "0-1"]
[WhiteElo "2120"]
[BlackElo "2471"]
[PlyCount "70"]
[EventDate "2014.06.19"]
[EventType "swiss"]
[EventRounds "9"]
[EventCountry "BUL"]
[SourceTitle "CBM 161 Extra"]
[Source "ChessBase"]
[SourceDate "2014.08.29"]
[SourceVersion "1"]
[SourceVersionDate "2014.08.29"]
[SourceQuality "1"]

1. d4 Nf6 2. c4 g6 3. f3 e5 4. dxe5 Nh5 5. Nh3 Nc6 6. Bg5 Be7 7. Bxe7 Qxe7 8.
g4 Ng7 9. Nc3 Qxe5 10. Qd5 Qe7 11. Qd2 Qh4+ 12. Nf2 O-O 13. Bg2 d6 14. Nd5 Ne8
15. O-O Be6 16. Rac1 Ne5 17. b3 c6 18. Nf4 Rd8 19. Qe3 Bc8 20. c5 Qf6 21. Ne4
Qe7 22. cxd6 Nxd6 23. Nxd6 Rxd6 24. Nd3 Re8 25. Qxe5 Qxe5 26. Nxe5 Rxe5 27.
Rfd1 Rxd1+ 28. Rxd1 Be6 29. Kf2 Ra5 30. Rd2 Ra3 31. Bf1 a5 32. e4 g5 33. Rb2
Kf8 34. e5 b5 35. Rc2 Bd5 0-1

[Event "Brasilia Terra Viva op"]
[Site "Brasilia"]
[Date "2014.09.19"]
[Round "1"]
[White "Barbosa, Edinardo Meireles"]
[Black "Carneiro, Vitor Roberto Castr"]
[Result "0-1"]
[WhiteElo "1705"]
[BlackElo "2259"]
[PlyCount "38"]
[EventDate "2014.09.19"]
[EventType "swiss"]
[EventRounds "6"]
[EventCountry "BRA"]
[SourceTitle "CBM 162 Extra"]
[Source "ChessBase"]
[SourceDate "2014.10.17"]
[SourceVersion "1"]
[SourceVersionDate "2014.10.17"]
[SourceQuality "1"]

1. d4 Nf6 2. c4 g6 3. Nc3 Bg7 4. Nf3 O-O 5. e4 d6 6. Be2 e5 7. O-O Nc6 8. h3
exd4 9. Nxd4 Re8 10. Nxc6 bxc6 11. Bg5 h6 12. Bxf6 Qxf6 13. Qc2 Qg5 14. Kh1 Be5
15. g3 Bxh3 16. Rg1 Bg4 17. Rg2 Bxc3 18. Bxg4 Qxg4 19. Qxc3 Qxe4 0-1

[Event "Brasilia Terra Viva op"]
[Site "Brasilia"]
[Date "2014.09.19"]
[Round "1"]
[White "De Oliveira, Fernando Paulino"]
[Black "Barbosa, Evandro Amorim"]
[Result "0-1"]
[WhiteElo "1736"]
[BlackElo "2439"]
[PlyCount "74"]
[EventDate "2014.09.19"]
[EventType "swiss"]
[EventRounds "6"]
[EventCountry "BRA"]
[SourceTitle "CBM 162 Extra"]
[Source "ChessBase"]
[SourceDate "2014.10.17"]
[SourceVersion "1"]
[SourceVersionDate "2014.10.17"]
[SourceQuality "1"]

1. e4 c5 2. d3 Nc6 3. Nd2 g6 4. Ngf3 Bg7 5. g3 d6 6. Bg2 e5 7. O-O Nge7 8. c3
O-O 9. Re1 h6 10. Qc2 Be6 11. h4 Qd7 12. Nf1 f5 13. exf5 gxf5 14. N1h2 Rf7 15.
Qe2 Raf8 16. h5 Bd5 17. Bh3 Be6 18. Bg2 Rf6 19. Bd2 b5 20. Nh4 f4 21. gxf4 exf4
22. Bf3 Ne5 23. Be4 Nf5 24. Bxf5 Bxf5 25. f3 Bxd3 26. Qg2 Qf7 27. Ng4 Qxh5 28.
Rxe5 dxe5 29. Nxf6+ Rxf6 30. Qh2 e4 31. Bxf4 exf3 32. Kf2 Re6 33. Re1 Re2+ 34.
Rxe2 fxe2 35. Nf3 Qxf3+ 36. Kxf3 e1=Q 37. Qg3 Qe2# 0-1

[Event "Brasilia Terra Viva op"]
[Site "Brasilia"]
[Date "2014.09.19"]
[Round "2"]
[White "Barbosa, Evandro Amorim"]
[Black "Nascimento, Davi da Silva"]
[Result "1-0"]
[WhiteElo "2439"]
[BlackElo "2077"]
[PlyCount "87"]
[EventDate "2014.09.19"]
[EventType "swiss"]
[EventRounds "6"]
[EventCountry "BRA"]
[SourceTitle "CBM 162 Extra"]
[Source "ChessBase"]
[SourceDate "2014.10.17"]
[SourceVersion "1"]
[SourceVersionDate "2014.10.17"]
[SourceQuality "1"]

1. e4 c5 2. Nf3 Nc6 3. Bb5 d6 4. O-O Bd7 5. Re1 e6 6. c3 a6 7. Bf1 Nf6 8. d4
cxd4 9. cxd4 d5 10. e5 Ng8 11. Nc3 Nge7 12. g3 b5 13. Bd3 Qb6 14. Be3 b4 15.
Na4 Qa7 16. Rc1 Nf5 17. Bxf5 exf5 18. Qb3 Nd8 19. Nc5 Bxc5 20. dxc5 Qb7 21. Nd4
O-O 22. Qc2 Nc6 23. Nf3 Be6 24. Bd4 a5 25. Qd2 Rac8 26. h4 Qe7 27. Ng5 Rc7 28.
Nf3 Rfc8 29. Be3 Rd7 30. Nd4 h6 31. Nxc6 Rxc6 32. Bd4 Ra7 33. Qe2 Qb7 34. Kh2
a4 35. Rg1 b3 36. a3 Qa6 37. Qe3 Kh7 38. h5 g5 39. hxg6+ fxg6 40. Rh1 Rf7 41.
Kg2 f4 42. gxf4 Bf5 43. e6 Rxe6 44. Rxh6+ 1-0

[Event "Brasilia Terra Viva op"]
[Site "Brasilia"]
[Date "2014.09.19"]
[Round "2"]
[White "Lins, Gustavo Ferreira"]
[Black "Barbosa, Edinardo Meireles"]
[Result "1/2-1/2"]
[WhiteElo "1800"]
[BlackElo "1705"]
[PlyCount "76"]
[EventDate "2014.09.19"]
[EventType "swiss"]
[EventRounds "6"]
[EventCountry "BRA"]
[SourceTitle "CBM 162 Extra"]
[Source "ChessBase"]
[SourceDate "2014.10.17"]
[SourceVersion "1"]
[SourceVersionDate "2014.10.17"]
[SourceQuality "1"]

1. c4 Nf6 2. Nc3 g6 3. d4 Bg7 4. Nf3 O-O 5. Bf4 d6 6. e3 Nbd7 7. Bd3 Re8 8. Qc2
e5 9. dxe5 dxe5 10. Bg5 Nc5 11. Rd1 Qd7 12. Bxg6 Qg4 13. Bxh7+ Nxh7 14. h4 Qxg2
15. Rg1 Qxf3 16. Bh6 Ne6 17. Rg3 Qh1+ 18. Ke2 Qxh4 19. Bxg7 Nxg7 20. Rdg1 Qh6
21. Rxg7+ Qxg7 22. Rxg7+ Kxg7 23. Nd5 Rh8 24. Qe4 Rf8 25. Qxe5+ f6 26. Qxc7+
Rf7 27. Qg3+ Kh8 28. Nf4 Bf5 29. f3 Rd8 30. e4 Rg7 31. Qh4 Re8 32. Nd5 Kg8 33.
Nxf6+ Nxf6 34. Qxf6 Be6 35. b3 Rg2+ 36. Kd3 Rxa2 37. f4 Bf7 38. e5 Ra6 1/2-1/2

[Event "Brasilia Terra Viva op"]
[Site "Brasilia"]
[Date "2014.09.20"]
[Round "3"]
[White "Barbosa, Edinardo Meireles"]
[Black "Rabelo, Jose Carlos Vargas"]
[Result "1/2-1/2"]
[WhiteElo "1705"]
[BlackElo "1740"]
[PlyCount "86"]
[EventDate "2014.09.19"]
[EventType "swiss"]
[EventRounds "6"]
[EventCountry "BRA"]
[SourceTitle "CBM 162 Extra"]
[Source "ChessBase"]
[SourceDate "2014.10.17"]
[SourceVersion "1"]
[SourceVersionDate "2014.10.17"]
[SourceQuality "1"]

1. d4 d5 2. c4 c6 3. Nf3 Nf6 4. Nc3 Bf5 5. Qb3 Qb6 6. e3 Nbd7 7. Be2 e6 8. O-O
Be7 9. Bd2 O-O 10. Rfc1 Bg4 11. Qc2 Rac8 12. Na4 Qd8 13. Nc3 Qb6 14. Na4 Qd8
15. Nc3 Bf5 16. Qd1 Ne4 17. Be1 Nd6 18. b3 Ne4 19. cxd5 cxd5 20. Nb5 a6 21.
Rxc8 Qxc8 22. Rc1 Qb8 23. Nc3 Rc8 24. Nxe4 Bxe4 25. Rxc8+ Qxc8 26. Bd3 Nf6 27.
Ne5 Bd6 28. f3 Bxe5 29. dxe5 Bxd3 30. exf6 Bg6 31. fxg7 Kxg7 32. Qd2 Qc2 33.
Qxc2 Bxc2 34. Bc3+ Kg6 35. Kf2 Bb1 36. a3 Ba2 37. b4 Kf5 38. Kg3 Bc4 39. h4 h5
40. Kf2 Kg6 41. Kg3 Bd3 42. Kf4 Bf1 43. g3 Bg2 1/2-1/2

[Event "Brasilia Terra Viva op"]
[Site "Brasilia"]
[Date "2014.09.20"]
[Round "3"]
[White "Nery Junior, Jose Antonio"]
[Black "Barbosa, Evandro Amorim"]
[Result "0-1"]
[WhiteElo "2152"]
[BlackElo "2439"]
[PlyCount "67"]
[EventDate "2014.09.19"]
[EventType "swiss"]
[EventRounds "6"]
[EventCountry "BRA"]
[SourceTitle "CBM 162 Extra"]
[Source "ChessBase"]
[SourceDate "2014.10.17"]
[SourceVersion "1"]
[SourceVersionDate "2014.10.17"]
[SourceQuality "1"]

1. e4 e6 2. d4 d5 3. Nd2 h6 4. Ngf3 Nf6 5. Bd3 c5 6. c3 cxd4 7. cxd4 dxe4 8.
Nxe4 Nxe4 9. Bxe4 Bb4+ 10. Bd2 Bxd2+ 11. Qxd2 O-O 12. O-O-O Nd7 13. g4 Nf6 14.
Bc2 Qd5 15. Ne5 Qxa2 16. g5 Qa1+ 17. Bb1 Bd7 18. Nxd7 Nxd7 19. Qb4 Nb6 20. Kd2
Nd5 21. Qb5 Qa6 22. Qxa6 bxa6 23. gxh6 g6 24. Be4 Rfd8 25. Ra1 Rab8 26. Bxd5
Rxd5 27. Ke3 Rc8 28. Kd3 Rcd8 29. Rxa6 Rxd4+ 30. Ke3 Rd3+ 31. Ke2 Rd2+ 32. Kf3
R8d5 33. Rf1 Rf5+ 34. Kg3 0-1

[Event "Brasilia Terra Viva op"]
[Site "Brasilia"]
[Date "2014.09.20"]
[Round "4"]
[White "Barbosa, Evandro Amorim"]
[Black "Gisclan, Heverton"]
[Result "1-0"]
[WhiteElo "2439"]
[BlackElo "2234"]
[PlyCount "49"]
[EventDate "2014.09.19"]
[EventType "swiss"]
[EventRounds "6"]
[EventCountry "BRA"]
[SourceTitle "CBM 162 Extra"]
[Source "ChessBase"]
[SourceDate "2014.10.17"]
[SourceVersion "1"]
[SourceVersionDate "2014.10.17"]
[SourceQuality "1"]

1. b3 d5 2. Bb2 Nf6 3. e3 Bg4 4. f3 Bh5 5. g4 Bg6 6. g5 Nh5 7. f4 Be4 8. Nf3
Rg8 9. Nc3 g6 10. Nxe4 dxe4 11. Ne5 f6 12. Bc4 Rg7 13. Ng4 Qd6 14. d3 exd3 15.
Qxd3 Qxd3 16. cxd3 Nd7 17. Rc1 O-O-O 18. Ke2 Kb8 19. Rc2 Nb6 20. gxf6 exf6 21.
Nxf6 Nxc4 22. Rxc4 Rf7 23. Nxh5 gxh5 24. Be5 Bg7 25. d4 1-0

[Event "Brasilia Terra Viva op"]
[Site "Brasilia"]
[Date "2014.09.20"]
[Round "4"]
[White "Dos Santos, Luiz A Godoy M"]
[Black "Barbosa, Edinardo Meireles"]
[Result "0-1"]
[WhiteElo "1686"]
[BlackElo "1705"]
[PlyCount "73"]
[EventDate "2014.09.19"]
[EventType "swiss"]
[EventRounds "6"]
[EventCountry "BRA"]
[SourceTitle "CBM 162 Extra"]
[Source "ChessBase"]
[SourceDate "2014.10.17"]
[SourceVersion "1"]
[SourceVersionDate "2014.10.17"]
[SourceQuality "1"]

1. d4 d5 2. e3 e6 3. Bd3 c5 4. c3 Nc6 5. a3 Bd7 6. f4 Nf6 7. Nd2 cxd4 8. cxd4
Bd6 9. Ngf3 Rc8 10. Ne5 O-O 11. O-O Ne7 12. g4 a6 13. g5 Bxe5 14. gxf6 Bxf6 15.
Nf3 Bb5 16. Kh1 Bxd3 17. Qxd3 Nf5 18. Bd2 Nd6 19. Bb4 Re8 20. Bxd6 Qxd6 21. Rg1
Rc7 22. Rg3 Rec8 23. Rh3 g6 24. Rg1 Rc1 25. Qb3 Rxg1+ 26. Kxg1 Qc7 27. Qb4 Qc1+
28. Ne1 Be7 29. Qa5 b6 30. Qxa6 Qxe1+ 31. Qf1 Qxf1+ 32. Kxf1 Rc1+ 33. Kg2 Rc2+
34. Kf3 Rxb2 35. Kg4 h5+ 36. Kf3 Bxa3 37. Rh4 0-1

[Event "Brasilia Terra Viva op"]
[Site "Brasilia"]
[Date "2014.09.21"]
[Round "6"]
[White "Barbosa, Evandro Amorim"]
[Black "Cunha, Lucas Aguiar"]
[Result "1-0"]
[WhiteElo "2439"]
[BlackElo "2255"]
[PlyCount "35"]
[EventDate "2014.09.19"]
[EventType "swiss"]
[EventRounds "6"]
[EventCountry "BRA"]
[SourceTitle "CBM 162 Extra"]
[Source "ChessBase"]
[SourceDate "2014.10.17"]
[SourceVersion "1"]
[SourceVersionDate "2014.10.17"]
[SourceQuality "1"]

1. e4 e5 2. Nf3 Nc6 3. Bb5 a6 4. Ba4 Nf6 5. O-O b5 6. Bb3 Be7 7. Re1 O-O 8. h3
d6 9. c3 Nb8 10. d4 Nbd7 11. c4 Bb7 12. Nc3 Re8 13. cxb5 axb5 14. Nxb5 Bf8 15.
Ng5 Re7 16. dxe5 Nxe5 17. Nc3 Ned7 18. Nxf7 1-0

[Event "Brasilia Terra Viva op"]
[Site "Brasilia"]
[Date "2014.09.21"]
[Round "6"]
[White "Sa, Antonio Villar Marq"]
[Black "Barbosa, Edinardo Meireles"]
[Result "1-0"]
[WhiteElo "1929"]
[BlackElo "1705"]
[PlyCount "67"]
[EventDate "2014.09.19"]
[EventType "swiss"]
[EventRounds "6"]
[EventCountry "BRA"]
[SourceTitle "CBM 162 Extra"]
[Source "ChessBase"]
[SourceDate "2014.10.17"]
[SourceVersion "1"]
[SourceVersionDate "2014.10.17"]
[SourceQuality "1"]

1. e4 c5 2. Nf3 e6 3. d3 d5 4. Nbd2 Nc6 5. g3 Nf6 6. Bg2 dxe4 7. dxe4 e5 8. O-O
Be7 9. Re1 O-O 10. c3 Qc7 11. Qc2 h6 12. Nc4 Be6 13. Ne3 Rfd8 14. Nf5 Bf8 15.
h3 Kh7 16. g4 g6 17. g5 Nh5 18. Nxh6 Nf4 19. Ng4 Bxg4 20. hxg4 Qd7 21. Nxe5
Nxe5 22. Bxf4 Nxg4 23. Bh3 f5 24. gxf6 g5 25. e5+ Kh8 26. Bxg5 Bh6 27. e6 Qd5
28. Bxh6 Nxh6 29. Qe4 Qh5 30. Re3 Rd1+ 31. Rxd1 Qxd1+ 32. Kh2 Qd2 33. Qh4 Kh7
34. Bf5+ 1-0

[Event "American Continental 10th"]
[Site "Praia da Pipa"]
[Date "2014.10.26"]
[Round "11"]
[White "Barbosa, Evandro Amorim"]
[Black "Sztokbant, Bernardo Vainzoff"]
[Result "1/2-1/2"]
[WhiteElo "2449"]
[BlackElo "2271"]
[PlyCount "162"]
[EventDate "2014.10.18"]
[EventType "swiss"]
[EventRounds "11"]
[EventCountry "BRA"]
[SourceTitle "EXT 2015"]
[Source "ChessBase"]
[SourceDate "2014.11.20"]
[SourceVersion "1"]
[SourceVersionDate "2014.11.20"]
[SourceQuality "1"]

1. e4 e5 2. Nf3 Nc6 3. Nc3 Nf6 4. Bb5 Bc5 5. Nxe5 Nxe5 6. d4 Bd6 7. f4 Ng6 8.
e5 Bb4 9. exf6 Qxf6 10. O-O Ne7 11. f5 Bxc3 12. bxc3 c6 13. Bd3 h5 14. Bf4 d6
15. Qd2 Nxf5 16. Bg5 Qg6 17. Rae1+ Kf8 18. Qf4 f6 19. Bxf5 Bxf5 20. Qxf5 Qxf5
21. Rxf5 Kf7 22. Bd2 Rae8 23. Rff1 b5 24. Kf2 a6 25. Re2 Rxe2+ 26. Kxe2 d5 27.
Kf3 a5 28. Re1 Ra8 29. Bf4 Ra7 30. Bd6 a4 31. Bc5 Rb7 32. Re3 Rd7 33. Ke2 Rb7
34. Kd2 g5 35. Kc1 Rc7 36. Kb2 f5 37. Re5 Kf6 38. Re8 f4 39. Rf8+ Kg6 40. Bd6
Rf7 41. Re8 g4 42. Re2 h4 43. Kc1 g3 44. hxg3 fxg3 45. Kd2 Kg5 46. Ke1 Kg4 47.
a3 Rf5 48. Be5 Rf7 49. Bb8 Rf5 50. Bd6 Rf7 51. Re8 Rf2 52. Rg8+ Kh5 53. Be7
Rxg2 54. Rg5+ Kh6 55. Rg4 Rxc2 56. Rxh4+ Kg6 57. Rg4+ Kf7 58. Bd6 g2 59. Rg3
Ra2 60. Bf4 Ra1+ 61. Kf2 Rf1+ 62. Kxg2 Rxf4 63. Rh3 Rf6 64. Rh8 Ke7 65. Rh7+
Kd6 66. Ra7 Rf8 67. Rh7 Rf4 68. Ra7 c5 69. dxc5+ Kxc5 70. Rc7+ Kd6 71. Rc8 Rc4
72. Rxc4 bxc4 73. Kf3 Ke5 74. Ke3 d4+ 75. cxd4+ Kd5 76. Ke2 Kxd4 77. Kd2 c3+
78. Kc1 Kc5 79. Kd1 Kc4 80. Kc2 Kd4 81. Kc1 Kc4 1/2-1/2

[Event "Pocos de Caldas op"]
[Site "Pocos de Caldas"]
[Date "2014.10.30"]
[Round "1"]
[White "Crespo de Oliveira, Lucas"]
[Black "Barbosa, Evandro Amorim"]
[Result "0-1"]
[WhiteElo "2209"]
[BlackElo "2449"]
[PlyCount "102"]
[EventDate "2014.10.30"]
[EventType "swiss"]
[EventRounds "7"]
[EventCountry "BRA"]
[SourceTitle "EXT 2015"]
[Source "ChessBase"]
[SourceDate "2014.11.20"]
[SourceVersion "1"]
[SourceVersionDate "2014.11.20"]
[SourceQuality "1"]

1. e4 e6 2. d4 d5 3. Nc3 Nf6 4. Bg5 dxe4 5. Nxe4 Be7 6. Bxf6 gxf6 7. Nf3 f5 8.
Nc5 b6 9. Nd3 Bb7 10. g3 Nd7 11. Bg2 c5 12. O-O cxd4 13. Nxd4 Bxg2 14. Kxg2 Nc5
15. Qf3 Nxd3 16. cxd3 Bf6 17. Nc6 Qd6 18. d4 O-O 19. Rac1 Rac8 20. Rc3 Rc7 21.
Re1 Rd7 22. b4 Kg7 23. b5 Rc8 24. Rc4 Rcc7 25. Ra4 Qd5 26. Qxd5 Rxd5 27. Rb1
Rdd7 28. Kf3 Rc8 29. Ke3 a5 30. f4 Rd5 31. Rc4 Rc7 32. a4 Rcd7 33. Rb3 Kg6 34.
Rd3 Bg7 35. Ne5+ Bxe5 36. fxe5 f6 37. Rc6 Kf7 38. exf6 e5 39. Rxb6 Rxd4 40.
Rxd4 Rxd4 41. Rc6 Rxa4 42. b6 Rb4 43. Rc5 Kxf6 44. Rc6+ Kg5 45. h3 a4 46. Rc5
Kf6 47. Rc6+ Kg5 48. Rc5 Rxb6 49. Ra5 Rh6 50. Kf2 Rxh3 51. Rxe5 Rh2+ 0-1

[Event "Pocos de Caldas op"]
[Site "Pocos de Caldas"]
[Date "2014.10.30"]
[Round "2"]
[White "Barbosa, Evandro Amorim"]
[Black "Sztokbant, Bernardo Vainzoff"]
[Result "1/2-1/2"]
[WhiteElo "2449"]
[BlackElo "2271"]
[PlyCount "106"]
[EventDate "2014.10.30"]
[EventType "swiss"]
[EventRounds "7"]
[EventCountry "BRA"]
[SourceTitle "EXT 2015"]
[Source "ChessBase"]
[SourceDate "2014.11.20"]
[SourceVersion "1"]
[SourceVersionDate "2014.11.20"]
[SourceQuality "1"]

1. b3 e5 2. Bb2 Nc6 3. e3 d5 4. Bb5 Bd6 5. f4 Qh4+ 6. g3 Qe7 7. Nf3 Bg4 8. fxe5
Bxe5 9. Bxe5 Bxf3 10. Qxf3 Qxe5 11. Nc3 Nf6 12. O-O O-O 13. Bxc6 bxc6 14. Qf4
Qd6 15. Rf2 Rae8 16. Raf1 Ne4 17. Nxe4 Rxe4 18. Qxd6 cxd6 19. Rf4 f6 20. R1f3
Rfe8 21. Kf2 Kf7 22. d3 R4e7 23. Ra4 Rc7 24. Ra6 g5 25. h4 h6 26. h5 Rb8 27. g4
Rb4 28. Kg3 Rb6 29. Ra4 Re7 30. Rd4 Re5 31. e4 Ke6 32. Kf2 dxe4 33. dxe4 Rc5
34. c4 Re5 35. Re3 a5 36. Kf3 a4 37. Red3 c5 38. Rd5 axb3 39. axb3 Rxd5 40.
exd5+ Ke5 41. Re3+ Kd4 42. Re4+ Kd3 43. Re6 Rxb3 44. Rxf6 Kxc4+ 45. Ke4 Rg3 46.
Rxh6 Rxg4+ 47. Kf5 Rg1 48. Rxd6 g4 49. Rg6 Kxd5 50. Rxg4 Rh1 51. Kg6 c4 52. Rg2
c3 53. h6 Kd4 1/2-1/2